Eugeni d'Ors, fundador y director de la Escuela Superior de Bibliotecarias / por Consuelo Pastor
Publicado:
San Jorge, núm. 86 - 87 (2n i 3r trimestre 1972), pàg 42 - 48 :
Otros Autores:
Escola Superior de Bibliotecàries
MARC
| LEADER | 00000nam a2200000Ia 4500 | ||
|---|---|---|---|
| 001 | |||
| 008 | 160829s9999 xx 000 0 cat d | ||
| 100 | |a Pastor, Consol |9 46224 | ||
| 245 | |a Eugeni d'Ors, fundador y director de la Escuela Superior de Bibliotecarias / por Consuelo Pastor | ||
| 260 | |a San Jorge, núm. 86 - 87 (2n i 3r trimestre 1972), pàg 42 - 48 | ||
| 600 | 1 | 0 | |a Ors, Eugeni d', |d 1881-1954 |9 55149 |
| 610 | 2 | 0 | |a Escola Superior de Bibliotecàries |9 54867 |
| 700 | |a Escola Superior de Bibliotecàries | ||
| 901 | |a Arxiu | ||
| 942 | |n 1 | ||
| 952 | |0 0 |1 0 |4 0 |7 1 |9 53095 |a Arxiu |b Arxiu |d 2016-12-01 |l 0 |r 2016-12-01 00:00:00 |w 2016-12-01 |y ARXIU | ||
| 999 | |c 56944 |d 56944 | ||